The search for the twelve apostles. (Record no. 5122)

000 -LEADER
fixed length control field 00564nam a2200181 a 4500
001 - CONTROL NUMBER
control field :::00002863$&:&@@
003 - CONTROL NUMBER IDENTIFIER
control field OkBaRHE
005 - DATE AND TIME OF LATEST TRANSACTION
control field 20100401122206.0
008 - FIXED-LENGTH DATA ELEMENTS--GENERAL INFORMATION
fixed length control field s1974 j 000 0 eng u
040 ## - CATALOGING SOURCE
Transcribing agency
100 1# - MAIN ENTRY--PERSONAL NAME
Personal name McBirnie, William Steuart, 1920-
245 14 - TITLE STATEMENT
Title The search for the twelve apostles.
260 ## - PUBLICATION, DISTRIBUTION, ETC. (IMPRINT)
Place of publication, distribution, etc Wheaton, IL., :
Name of publisher, distributor, etc Tyndale House Publishers
Date of publication, distribution, etc 1974
300 ## - PHYSICAL DESCRIPTION
Extent 312 p. ;
Dimensions 19 cm.
650 ## - SUBJECT ADDED ENTRY--TOPICAL TERM
Topical term or geographic name as entry element Apostles
942 ## - ADDED ENTRY ELEMENTS (KOHA)
Source of classification or shelving scheme
Koha item type Books
Copies
Koha item type Date last seen Shelving location Copy number Withdrawn status Date acquired Lost status Full call number Not for loan Permanent Location Price effective from Source of classification or shelving scheme Barcode Damaged status
Books2018-03-16General Stacks1 2010-04-14 BS 2440 .M32 1974 RHEMA Bible Training College2010-04-14 2863